000 00723nam a2200229 a 4500
001 73031
003 BD-RjUL
005 20211209082336.0
008 170527s1962 nyua 000 0 eng
035 _a(BD-RjUL)73249
040 _aDLC
_cOC
_dDLC
_dBD-RjUL
_beng
041 _aeng
082 _223
_a596.078
_bULC 1962
100 1 _aUlmer, Martin J
_d1900-
_9215998
245 1 0 _aComparative chordate anatomy :
_ba laboratory manual
_cMartin J Ulmer; Robert E Haupt; Ellis A Hicks
260 _aNew York :
_bHarper & Brothers,
_c1962
300 _a268 p. :
_bill. ;
_c32 cm.
650 0 _aChordata.
_xLaboratory manual
_9215999
700 _aHaupt, Robert E
_9216000
700 _aHicks, Ellis A
_9216001
942 _2ddc
_cBK
999 _c73031
_d73031